| 000 | 00943nas a2200325 4500 | ||
|---|---|---|---|
| 001 | BR0501651 | ||
| 003 | BR-BrBNA | ||
| 005 | 20231205105219.0 | ||
| 007 | ta | ||
| 008 | 230509b bl.|||p| |||| 00| 00por d | ||
| 040 |
_aBR-BrBNA _bpor _cBiblioteca Nacional de Agricultura |
||
| 041 | _a(Pt) | ||
| 072 | _aP34; F04 | ||
| 100 | 1 | _aChu, E.Y. | |
| 100 | 1 | _aYared, J.A.G. | |
| 100 | 1 | _aMaki, H.J.I.O. | |
| 245 | 1 | _aEfeitos da inoculação micorrízica e da adubação fosfatada em mudas de Vochysia maxima Ducke | |
| 650 | _aQUARUBA | ||
| 650 | _aVOCHYSIA MAXIMA | ||
| 650 | _aMUDA | ||
| 650 | _aFERTILIZANTE FOSFATADO | ||
| 650 | _aINOCULAÇÃO | ||
| 650 | _aMICORRIZA | ||
| 650 | _aFUNGO | ||
| 650 | _aABSORÇÃO DE NUTRIENTES | ||
| 650 | _aPARÁ | ||
| 773 | 0 |
_tRevista Árvore (Brazil) _xISSN 0100-6762 _g(Mar-Apr 2004), v. 28(2) p. 157-165 _wBR0501651 |
|
| 909 |
_a202311 _bLúcia _c55 _dLúcia Elande |
||
| 942 |
_2AGRIS _n0 _cANA |
||
| 999 |
_c181795 _d181795 |
||